<The> SBCS Report for the 1st Half of the Year
Salvato in:
| Natura: | Libro |
|---|---|
| Lingua: | inglese |
| Pubblicazione: |
[S.l.]
The State Bank of Czechosloslovakia
1992
|
| Edizione: | 1. vyd. |
| Soggetti: | |
| Tags: |
Nessun Tag, puoi essere il primo ad aggiungerne!!
|
MARC
| LEADER | 00000nam a2200000 4500 | ||
|---|---|---|---|
| 001 | c001862 | ||
| 005 | 20221214090527.9 | ||
| 041 | 0 | |a eng | |
| 044 | |a CS | ||
| 245 | 1 | 0 | |a <The> SBCS Report for the 1st Half of the Year |
| 250 | |a 1. vyd. | ||
| 264 | 1 | |a [S.l.] |b The State Bank of Czechosloslovakia |c 1992 | |
| 300 | |a 30 s. | ||
| 610 | 2 | 0 | |a ŠBČS |
| 610 | 2 | 0 | |a ČSFR |
| 610 | 2 | 0 | |a 1992 |
| 610 | 2 | 0 | |a vývoj hospodársky |
| 610 | 2 | 0 | |a ukazovatele ekonomické |
| 610 | 2 | 0 | |a údaje štatistické |